| 000 | 00335nam a22001337a 4500 | ||
|---|---|---|---|
| 005 | 20200622130030.0 | ||
| 008 | 200620b xxu||||| |||| 00| 0 eng d | ||
| 082 | _a348.05412 JLJR | ||
| 245 | _aJHARKHAND LAW JOURNAL REPORTS , 2019 [1] | ||
| 260 |
_aPATNA _bPLJR PUBLICATION |
||
| 300 | _a656;p | ||
| 650 |
_aLAW _95701 |
||
| 942 | _cJRL | ||
| 999 |
_c7359 _d7357 |
||